000 00655nam a2200277Ia 4500
005 20260320195750.0
008 008 262003s9999 xx 000 0 hin d
020 _a9788126712465
037 _aEBOOK
040 _aCRL
040 _bhin
040 _cCRL
041 _2hin
041 _ahin
084 _qCRL
100 _aकृष्णा सोबती
_91132763
245 0 _aबादलों के घेरे
250 _a6th
260 _bRajkamal
260 _c2007
300 _a207
856 _uhttps://ebook.indiaread.in/pdfs/9788126712465.pdf
942 _cEBOOK
999 _c1716375
_d1716375